000 00733 a2200229 4500
240 _aL'Utilisation des sous-produits agro-industriels dans l'alimentation des ruminants domestiques
502 _aThèse d'exercice
653 1 _aSciences agronomiques
100 _aKoné, Sibiri
245 _aThe Use of agro-industrial by products in the nutrition of ruminant livestock
300 _aXII-113 p.
650 _aANIMAL DOMESTIQUE
650 _aALIMENT POUR ANIMAUX DE COMPAGNE
650 _aNUTRITION
130 _lEn
710 _aAbomey-Calavi, Université nationale du Bénin, Faculté des Sciences Agronomiques, BJ
041 _bEn
041 _bFr
653 1 _aProduction animale
651 _aBENIN
999 _c31125
_d31125